000 00318nam a2200109Ia 4500
008 220204s9999 xx 000 0 und d
082 _a581.19
_bMET.8
245 0 _aMethods in plant biochemistry. V 8. Alkaloids and sulphur compounds
260 _aNew York
_bAcademic Press
_c1993
700 _aWaterman, P G
942 _cBK
999 _c40692
_d40692